History Quiz

Random History or Famous Quiz

Famous Wars of the 20th Century Quiz Stats

 Plays Quiz not verified by Sporcle

Also try: Was I Alive?
Challenge
Share
Tweet
Embed
Score 0/10 Timer 02:00
0 Plays Today
% Correct
Vietnam War
90%
Korean War
86%
World War I
68%
World War II
68%
Cold War
26%
Russo-Japanese War
22%
Russian Civil War
18%
Persian Gulf War
16%
Iran-Iraq War
12%
Six-Day War
6%

You're not logged in!

Compare scores with friends on all Sporcle quizzes.
Join for Free
OR
Log In

You Might Also Like...

Show Comments

Extras

Top Quizzes Today


Score Distribution

Your Account Isn't Verified!

In order to create a playlist on Sporcle, you need to verify the email address you used during registration. Go to your Sporcle Settings to finish the process.

Report this User

Report this user for behavior that violates our Community Guidelines.

Details: